LDR 00888naa#a2200193#i#450# 001 RU\INFRA-M\bibl\122580 005 20260630173947.2 011 ## _a2712-9640 100 ## _a20260610b2026####ek#y0rusy0150####ca 102 ## _aRU 200 1# _aКоррекция наведения антенн Сибирского радиогелиографа _eЖурнальная статья 210 1# _aМосква _cОбщество с ограниченной ответственностью «Научно-издательский центр ИНФРА-М» _d2026 215 ## _a5 с. 608 ## _aЖурнальная статья _2local 675 ## _aАпертурный синтез. 520.274.3 _z 700 #1 _aГлоба _gМария Викторовна 700 #1 _aГубин _gАлексей Владимирович 700 #1 _aЛесовой _gСергей Владимирович 856 4# _anaukaru.ru _u